000 01064nam a2200217Ii 4500
003 JO-AjNU
008 230605s9999||||xx |||||||||||||| ||und||
020 _a9953-420-52-1
040 _aJO-AjNU
_bara
_erda
_cJO-AjNU
041 _aara
050 1 4 _aDS38.14.I27 2011
100 3 _aتأليف ابن الاثير،عز الدين ابي الحسن علي بن ابي الكرم محمد بن محمد ابن عبدالكريم بن عبدالواحد الشيباني؛ تحقيق خليل مامون شيحا,
_eauthor
_960466
245 0 0 _aالكامل في التاريخ: (145-260)هجرية،ج5
250 _aالطبعة الثالثة
264 3 1 _aبيروت: دار المعرفة للطباعة والنشر والتوزيع، 2011
300 _aج5: 712ص
_b ويحتوي على فهرس من 690ص- 712ص
336 _atext
_btxt
_2rdacontent
337 _aunmediated
_bn
_2rdamedia
338 _avolume
_bnc
_2rdacarrier
650 4 _a العرب -تاريخ- الخلفاء الراشدون-العباسيون-الامويين-تاريخ
_960467
999 _aA27267
_c30835
_d30835